Sección nacional.

Textílie na okraji krízového šoku. Globalizácia textilného trhu. I napriek postupu umelých vlákien bavlna v 70. rokoch prevláda. Textil v Mexiku upadá v r. 1989. Rokovanie GATT o zrušení AMF. Rôzne informácie o obchode, financiách, doprave, ekológii a p.

Gespeichert in:
Bibliographische Detailangaben
1. Verfasser: Lopez, J.M
Format: Buchkapitel
Sprache:Spanisch
Schlagworte:
Tags: Tag hinzufügen
Keine Tags, Fügen Sie das erste Tag hinzu!

MARC

LEADER 00000naa a2200000 4500
001 r002920
005 20220818104544.1
041 0 |a spa 
044 |a MX 
245 1 0 |a Sección nacional.  |c J.M. Lopez 
520 |a Textílie na okraji krízového šoku. Globalizácia textilného trhu. I napriek postupu umelých vlákien bavlna v 70. rokoch prevláda. Textil v Mexiku upadá v r. 1989. Rokovanie GATT o zrušení AMF. Rôzne informácie o obchode, financiách, doprave, ekológii a p. 
610 2 0 |a textil 
610 2 0 |a kríza 
610 2 0 |a trh 
610 2 0 |a vlákna umelé 
610 2 0 |a bavlna 
610 2 0 |a Mexiko 
610 2 0 |a obchod 
610 2 0 |a GATT 
610 2 0 |a financie 
610 2 0 |a doprava 
610 2 0 |a ekológia 
100 1 |a Lopez, J.M.